| 000 | 00663nam a2200217 a 4500 | ||
|---|---|---|---|
| 999 |
_c2462 _d2462 |
||
| 001 | 2462 | ||
| 003 | BD-JhCC | ||
| 005 | 20171102190156.0 | ||
| 008 | 171102s1982 bg a|||| |||| 000 0 ben d | ||
| 035 | _a(BD-JhCC)2462 | ||
| 040 |
_aBD-JhCC _dBD-JhCC |
||
| 041 | _aben | ||
| 082 |
_a891.4409 _bSON 1982 |
||
| 245 |
_aস্বনির্বাচিত / _cশিশির দত্ত [সম্পা.] |
||
| 260 |
_aচট্টগ্রাম : _bসম্পাদক প্রকাশনী, _c1982. |
||
| 300 |
_a242 p. : _bill. _c22 cm. |
||
| 650 | _aBengali Literature | ||
| 700 | _aদত্ত, শিশির | ||
| 942 |
_2ddc _cBK |
||